|
|
|
|
| LEADER |
00700cam a2200205 7i4500 |
| 001 |
0000052493 |
| 005 |
20191003090000.0 |
| 020 |
|
|
|a 9780071285773 (pbk.)
|
| 020 |
|
|
|a 0071285776 (pbk.)
|
| 090 |
0 |
0 |
|a HD58.7
|b .K56 2008
|
| 100 |
1 |
|
|a Kinicki, Angelo
|
| 245 |
1 |
0 |
|a Organizational behavior :
|b key concepts, skills & best practices
|c Angelo Kinicki, Robert Kreitner.
|
| 250 |
|
|
|a 3rd ed.
|
| 260 |
|
|
|a New York, NY:
|b McGraw-Hill/Irwin,
|c 2008.
|
| 300 |
|
|
|a xxvii, 479 p.:
|b ill.;
|c 25 cm.
|
| 500 |
|
|
|a Gift: En. Othman Badrishah
|
| 650 |
0 |
0 |
|a Organizational behavior
|
| 700 |
1 |
|
|a Kreitner, Robert
|
| 997 |
|
|
|a Business & Accountancy, Faculty
|
| 999 |
|
|
|a 0000066912
|b BOK
|c OPEN SHELF
|e 1st Floor, Shah Alam
|